000 00628nam a2200217Ia 4500
005 20250508151334.0
008 008 250505s9999 xx 000 0 eng d
037 _aTextual
040 _aFEDL
_beng
_cFEDL
041 _aeng
_2eng
084 _a371.1, ELS
_qFEDL
100 _aElsbree Willard S
_993203
245 0 _aStaff personnel in thepublic schools
260 _aNew York, USA
_bPrentice - Hall, Inc
_c1954
300 _aix,438p
490 _aPrentice - Hall education series
650 _aTeaching
700 _a Reutter E Edmund
_9758897
942 _cTEXL
_h371.1, ELS
999 _c1329142
_d1329142